Jabāhāralāla. (Record no. 77889)

MARC details
000 -LEADER
fixed length control field 00697cam a22002651 4500
001 - CONTROL NUMBER
control field sa 68001359
003 - CONTROL NUMBER IDENTIFIER
control field DLC
005 - DATE AND TIME OF LATEST TRANSACTION
control field 20260227112432.0
008 - FIXED-LENGTH DATA ELEMENTS--GENERAL INFORMATION
fixed length control field 890508s1966 ii 000 0 orio
010 ## - LIBRARY OF CONGRESS CONTROL NUMBER
LC control number sa 68001359
035 ## - SYSTEM CONTROL NUMBER
System control number (OCoLC)19676815
040 ## - CATALOGING SOURCE
Original cataloging agency DLC
Transcribing agency WaU
Modifying agency DLC
042 ## - AUTHENTICATION CODE
Authentication code premarc
050 00 - LIBRARY OF CONGRESS CALL NUMBER
Classification number DS481.N35
Item number J2
245 00 - TITLE STATEMENT
Title Jabāhāralāla.
260 ## - PUBLICATION, DISTRIBUTION, ETC.
Date of publication, distribution, etc. [1966]
300 ## - PHYSICAL DESCRIPTION
Extent 3, 216 p.
Dimensions 22 cm.
500 ## - GENERAL NOTE
General note In Oriya.
600 10 - SUBJECT ADDED ENTRY--PERSONAL NAME
Personal name Nehru, Jawaharlal,
Dates associated with a name 1889-1964.
700 1# - ADDED ENTRY--PERSONAL NAME
Personal name Nehru, Jawaharlal,
Dates associated with a name 1889-1964.
700 1# - ADDED ENTRY--PERSONAL NAME
Personal name Patnaik, Ananta,
Dates associated with a name 1913-
700 1# - ADDED ENTRY--PERSONAL NAME
Personal name Kara, Bicitrānanda.
700 1# - ADDED ENTRY--PERSONAL NAME
Personal name Patnaik, Pathani,
Dates associated with a name 1928-
740 0# - ADDED ENTRY--UNCONTROLLED RELATED/ANALYTICAL TITLE
Uncontrolled related/analytical title Jabāhāralāla smaraṇikā.

No items available.

Powered by Koha